Dragon Species in Harry Potter World - Statistics

General Stats
  • This quiz has been taken 47 times
  • The average score is 6 of 12
Answer Stats
Hint Answer % Correct
European dragon fought by Harry Potter Hungarian Horntail
93%
Asian dragon fought by Viktor Krum Chinese Fireball
90%
British Isles dragon fought by Fleur Common Welsh Green
85%
Dragon species hatched by Hagrid in his hut Norwegian Ridgeback
80%
Silvery blue Scandinavian species with a blue flame Swedish Short-snout
76%
Largest breed (up to six tons) from the Northern Carpathians Ukrainian Ironbelly
41%
South American species with venomous fangs, hence its name Peruvian Vipertooth
37%
From a region in the northeastern tip of Spain Catalonian Fireball
32%
Transylvanian species with a long golden horn Romanian Long Horn
32%
Iberian species with an extended snout Portuguese Long Snout
24%
30-foot British Isle dragons cared for by the MacFusty clan Hebridean Black
22%
Native to New Zealand and Australia Antipodean Opaleye
20%
No matching quizzes found
Score Distribution
Percent of People with Each Score
Percentile by Number Answered
Your Score History
You have not taken this quiz